[Event "Elit(Stockholms SS-Malmo)"]
[Site "?"]
[Date "2018.03.17"]
[Round "8"]
[White "Semcesen, Daniel"]
[Black "Ertan, Can"]
[Result "1-0"]
[WhiteElo "2481"]
[BlackElo "2363"]
[PlyCount "88"]
1. d4 Nf6 2. c4 e6 3. Nc3 Bb4 4. Qc2 c5 5. dxc5 Nc6 6. Nf3 O-O 7. a3 Bxc5 8.
Bf4 Nh5 9. Bg3 f5 10. e3 f4 11. exf4 Nxf4 12. O-O-O b6 13. Ne4 Be7 14. h4 Qe8
15. Nfg5 Qg6 16. Bxf4 Rxf4 17. g3 Rf5 18. f4 h6 19. Bd3 Nd4 20. Qc3 hxg5 21.
Qxd4 gxf4 22. g4 Rf8 23. h5 Qf7 24. g5 f3 25. Kb1 d5 26. cxd5 exd5 27. g6 Qe6
28. h6 Bf6 29. Nxf6+ Qxf6 30. Qxd5+ Be6 31. Qb7 Rad8 32. hxg7 Qxg7 33. Qe4 Rf6
34. Bc2 Rd7 35. Rxd7 Qxd7 36. Qh4 Qg7 37. Ka1 f2 38. Rf1 Qh8 39. Qd4 Qh3 40.
Rxf2 Qh1+ 41. Bb1 Bf5 42. Qc4+ Kg7 43. Rf1 Qh3 44. Qc7+ Bd7 1-0

[Event "Elit(Farsta-Upsala)"]
[Site "?"]
[Date "2018.03.17"]
[Round "8"]
[White "Johansson, Jan"]
[Black "Degerman, Lars"]
[Result "1/2-1/2"]
[WhiteElo "2355"]
[BlackElo "2449"]
[PlyCount "80"]
1. d4 Nf6 2. Bg5 Ne4 3. Bf4 c5 4. d5 e6 5. f3 Qa5+ 6. c3 Nf6 7. e4 exd5 8. e5
Qc7 9. Qe2 Nh5 10. Bd2 g6 11. Na3 a6 12. g4 Ng7 13. Bg5 Ne6 14. Bf6 Bg7 15.
Bxg7 Nxg7 16. O-O-O Ne6 17. Nh3 O-O 18. f4 f5 19. Bg2 b5 20. Bxd5 Bb7 21. Rhg1
Nc6 22. gxf5 Rxf5 23. Be4 Nxf4 24. Nxf4 Rxf4 25. Bxg6 hxg6 26. Rxg6+ Kf8 27.
Qh5 Qxe5 28. Qh6+ Ke7 29. Rg7+ Ke8 30. Rg8+ Ke7 31. Rg7+ Ke8 32. Rgxd7 Ne7 33.
Rxb7 Rd8 34. Rxe7+ Kxe7 35. Qh7+ Rf7 36. Qxf7+ Kxf7 37. Rxd8 Qxh2 38. Rd1 Qe2
39. Nc2 Qf2 40. Kb1 Qe2 1/2-1/2

[Event "Elit(LASK-Team Viking)"]
[Site "?"]
[Date "2018.03.17"]
[Round "8"]
[White "Tikkanen, Hans"]
[Black "Sagit, Rauan"]
[Result "1/2-1/2"]
[WhiteElo "2517"]
[BlackElo "2433"]
[PlyCount "200"]
1. c4 e5 2. g3 Nf6 3. Bg2 d5 4. cxd5 Nxd5 5. Nc3 Nb6 6. e3 c6 7. Nf3 Bd6 8. d4
exd4 9. Nxd4 O-O 10. O-O Re8 11. b3 Bf8 12. e4 N8d7 13. h3 Nf6 14. Bb2 Bc5 15.
Nde2 Qe7 16. Qc1 Nfd7 17. Rd1 Ne5 18. Nf4 f6 19. Nce2 Bd7 20. Nd4 Rad8 21. a3
Nf7 22. b4 Bd6 23. Nf5 Bxf5 24. exf5 Bxf4 25. Qxf4 Rxd1+ 26. Rxd1 Qe2 27. Qd2
Qxd2 28. Rxd2 Nc4 29. Rc2 Nxb2 30. Rxb2 Nd6 31. g4 Kf8 32. Bf1 Re1 33. Kg2 Ra1
34. Rb3 Ke7 35. Rc3 Kd7 36. Bd3 a6 37. h4 h6 38. f3 Re1 39. Kf2 Re8 40. Bc2 Ra8
41. Bb3 a5 42. Re3 axb4 43. axb4 Re8 44. Be6+ Kc7 45. Ra3 Rd8 46. Kg3 Nb5 47.
Ra2 Nc3 48. Rc2 Nb5 49. Ra2 Nd4 50. Bc4 Kb6 51. Kf4 Re8 52. Bd3 Rd8 53. Bc4 Nb5
54. Ke3 Re8+ 55. Kf4 Nd6 56. Bd3 Nf7 57. Bc4 Ne5 58. Be2 Rd8 59. Ke3 Kc7 60. f4
Nf7 61. Bd3 Nd6 62. g5 hxg5 63. hxg5 Rh8 64. Rg2 Rh3+ 65. Ke2 Rh4 66. Ke3 Rh5
67. Kf3 Rh3+ 68. Ke2 Rh8 69. gxf6 gxf6 70. Rg7+ Kd8 71. Rg6 Rf8 72. Ke3 Ke7 73.
Kd4 b6 74. Rg7+ Rf7 75. Rg8 Kd7 76. Ra8 Kc7 77. Ra7+ Kb8 78. Ra2 Rd7 79. Kc3
Ra7 80. Rd2 Kc7 81. Kb3 c5 82. bxc5 bxc5 83. Re2 Kc6 84. Be4+ Kb5 85. Bc2 c4+
86. Kc3 Kc5 87. Re6 Nb5+ 88. Kb2 c3+ 89. Kb1 Nd4 90. Re8 Rb7+ 91. Kc1 Rc7 92.
Bd3 c2 93. Rb8 Rh7 94. Rc8+ Kb4 95. Kb2 c1=Q+ 96. Kxc1 Nb3+ 97. Kd1 Rh2 98.
Rc4+ Ka3 99. Ke1 Kb2 100. Be4 Rh3 1/2-1/2

[Event "Elit(Stockholms SS-Malmo)"]
[Site "?"]
[Date "2018.03.17"]
[Round "8"]
[White "Arman, Deniz"]
[Black "Schandorff, Lars"]
[Result "1/2-1/2"]
[WhiteElo "2384"]
[BlackElo "2489"]
[PlyCount "66"]
1. e4 e5 2. Nf3 Nf6 3. Nc3 Nc6 4. d4 exd4 5. Nxd4 Bb4 6. Nxc6 bxc6 7. Bd3 d5 8.
exd5 cxd5 9. O-O O-O 10. h3 c6 11. Qf3 Bd6 12. Bf4 Rb8 13. b3 Rb4 14. Bxd6 Qxd6
15. Rad1 Re8 16. Ne2 c5 17. c3 Rb6 18. Nf4 Re5 19. Rfe1 g6 20. Qg3 Bd7 21. Re3
a5 22. Bc4 Rf5 23. Nxd5 Nxd5 24. Red3 Qxg3 25. fxg3 Nf6 26. g4 Re5 27. Rxd7
Nxd7 28. Rxd7 Rf6 29. Bd5 Kf8 30. c4 Re7 31. Rd8+ Re8 32. Rd7 Re7 33. Rd8+ Re8
1/2-1/2

[Event "Elit(Farsta-Upsala)"]
[Site "?"]
[Date "2018.03.17"]
[Round "8"]
[White "Livner, Anders"]
[Black "Burwick, Malte"]
[Result "1-0"]
[WhiteElo "2358"]
[BlackElo "2247"]
[PlyCount "141"]
1. d4 Nf6 2. g3 c5 3. Nf3 cxd4 4. Nxd4 Nc6 5. c4 Qb6 6. Nc2 Qc5 7. Ne3 e6 8.
Nc3 a6 9. a3 b5 10. b4 Qh5 11. Bg2 Be7 12. Bf3 Qe5 13. Bb2 Qb8 14. O-O O-O 15.
Ncd5 exd5 16. cxd5 Ne5 17. Bxe5 Qxe5 18. d6 Rb8 19. dxe7 Re8 20. Rc1 g6 21. Rc5
Qxe7 22. Rc7 Qe5 23. Ra7 h5 24. Qa1 Kf8 25. Qxe5 Rxe5 26. Rc1 Ke8 27. Nc2 Nd5
28. Nd4 Nb6 29. Rc3 Na4 30. Rcc7 Nb6 31. Nb3 Kd8 32. Na5 Re6 33. Rc3 Ke8 34.
Kg2 Rd6 35. h4 Re6 36. Rd3 Kf8 37. Nb3 Na4 38. Rc7 Re8 39. Rd6 Ke7 40. Rd2 Kd8
41. Ra7 Ke7 42. Rc2 Kf6 43. Nd2 Ke5 44. Rcc7 f5 45. Nb3 Re6 46. Nc1 Kf6 47. Nd3
Re8 48. Rc2 Re7 49. Nf4 Nb6 50. Rxc8 Nxc8 51. Rxa6+ d6 52. Nd5+ Ke6 53. Nxe7
Kxe7 54. e4 Kf6 55. exf5 Kxf5 56. Ra5 d5 57. Bxd5 Nd6 58. Bf3 Ke5 59. Ra6 Rd8
60. Rc6 Kd4 61. Rc5 Nc4 62. Rxb5 Nxa3 63. Rb6 Rg8 64. Rc6 Nc4 65. Rc5 Rb8 66.
Rd5+ Kc3 67. b5 Rb6 68. Be2 Na5 69. Rd3+ Kc2 70. Ra3 Nb3 71. Ra6 1-0

[Event "Elit(LASK-Team Viking)"]
[Site "?"]
[Date "2018.03.17"]
[Round "8"]
[White "Ivanov, Sergey"]
[Black "Smith, Axel"]
[Result "1/2-1/2"]
[WhiteElo "2540"]
[BlackElo "2495"]
[PlyCount "139"]
1. d4 Nf6 2. Nf3 b5 3. e3 a6 4. Bd3 Bb7 5. Qe2 e6 6. e4 d5 7. e5 Nfd7 8. Bg5
Be7 9. Bxe7 Qxe7 10. O-O c5 11. c3 O-O 12. Nbd2 Nc6 13. Rfe1 b4 14. Nf1 a5 15.
Ng3 bxc3 16. bxc3 cxd4 17. cxd4 Nb4 18. Bb1 Ba6 19. Qd2 Rfc8 20. a3 Nc6 21. Nh5
Nf8 22. Qf4 Ng6 23. Qg4 Rab8 24. Bxg6 fxg6 25. Nf4 Re8 26. h4 Rb3 27. Ng5 Nxd4
28. Nxg6 Qa7 29. Nf4 h6 30. Ngxe6 Nxe6 31. Nxe6 Qd7 32. Qd1 Rd3 33. Nc5 Rxd1
34. Nxd7 Rxa1 35. Rxa1 Bb5 36. Nb6 Rxe5 37. Rd1 Bc4 38. Rd4 Re1+ 39. Kh2 Ra1
40. a4 Ra3 41. h5 Ra2 42. Kg3 Ra3+ 43. Kh2 Ra2 44. Rf4 Re2 45. Nxc4 dxc4 46.
Rxc4 Rxf2 47. Rc5 g6 48. Rxa5 gxh5 49. Ra7 h4 50. Kg1 Ra2 51. a5 Kh8 52. a6 Kg8
53. Kf1 Kh8 54. Ra8+ Kg7 55. a7 Kh7 56. Ke1 Kg7 57. Kd1 Kh7 58. Kc1 Kg7 59. Kb1
Ra6 60. Kb2 Ra5 61. Kb3 Ra1 62. Kb4 Rb1+ 63. Kc5 Rc1+ 64. Kd6 Rd1+ 65. Ke6 Re1+
66. Kf5 Ra1 67. Kg4 Ra4+ 68. Kh3 Kh7 69. Rb8 Rxa7 70. Kxh4 1/2-1/2

[Event "Elit(Stockholms SS-Malmo)"]
[Site "?"]
[Date "2018.03.17"]
[Round "8"]
[White "Andersson, Ulf"]
[Black "Kassani, Sam"]
[Result "1-0"]
[WhiteElo "2523"]
[BlackElo "2209"]
[PlyCount "69"]
1. Nf3 Nf6 2. c4 c6 3. d4 d5 4. Qb3 e6 5. Bg5 Nbd7 6. Nc3 Be7 7. e3 O-O 8. Be2
a6 9. O-O dxc4 10. Qxc4 b5 11. Qxc6 Ra7 12. Bxf6 Nxf6 13. Ne4 Rc7 14. Nxf6+
gxf6 15. Qe4 Bb7 16. Qd3 Qa8 17. Rfc1 Rd7 18. a4 b4 19. Ne1 Rfd8 20. Bf3 e5 21.
Bxb7 Qxb7 22. Rc4 a5 23. b3 Bf8 24. Rd1 Bg7 25. Qc2 Qb6 26. Nf3 Qe6 27. h3 Rd6
28. Rc5 f5 29. Rxa5 exd4 30. exd4 Bxd4 31. Rxd4 Rxd4 32. Nxd4 Rxd4 33. Qxf5
Rd1+ 34. Kh2 Qd6+ 35. Qe5 1-0

[Event "Elit(Farsta-Upsala)"]
[Site "?"]
[Date "2018.03.17"]
[Round "8"]
[White "Haj-Bakkor, Mohammed"]
[Black "Ong, Kezli"]
[Result "1/2-1/2"]
[WhiteElo "2199"]
[BlackElo "2303"]
[PlyCount "114"]
1. e4 e5 2. Nf3 Nc6 3. Bc4 Nf6 4. d3 Bc5 5. O-O d6 6. c3 a6 7. a4 Ba7 8. Re1 h6
9. Nbd2 O-O 10. Nf1 Re8 11. Ng3 Be6 12. Bxe6 Rxe6 13. d4 d5 14. Nxe5 Nxe5 15.
dxe5 Nxe4 16. Nxe4 dxe4 17. Bf4 Qd3 18. Qe2 Qxe2 19. Rxe2 e3 20. fxe3 g5 21.
Bg3 Rd8 22. Ra3 Rd3 23. Kf2 Bc5 24. Ra1 f5 25. exf6 Bxe3+ 26. Ke1 Bd2+ 27. Kf1
Rxf6+ 28. Rf2 Rxf2+ 29. Kxf2 Rd7 30. Ke2 Bf4 31. Bxf4 gxf4 32. Rf1 Re7+ 33. Kf2
Kg7 34. Re1 Rxe1 35. Kxe1 Kf6 36. Ke2 Kf5 37. Kf3 a5 38. b4 b6 39. b5 h5 40.
Kf2 Ke4 41. Ke2 Kd5 42. Kd3 h4 43. c4+ Kc5 44. Kc3 c6 45. bxc6 Kxc6 46. Kd4 Kd6
47. Ke4 Kc5 48. Kxf4 Kxc4 49. g4 hxg3 50. hxg3 b5 51. axb5 Kxb5 52. g4 a4 53.
g5 a3 54. g6 a2 55. g7 a1=Q 56. g8=Q Qf1+ 57. Ke5 Qa1+ 1/2-1/2

[Event "Elit(LASK-Team Viking)"]
[Site "?"]
[Date "2018.03.17"]
[Round "8"]
[White "Jogstad, Martin"]
[Black "Westerberg, Jonathan"]
[Result "0-1"]
[WhiteElo "2309"]
[BlackElo "2507"]
[PlyCount "116"]
1. d4 Nf6 2. c4 g6 3. Nc3 Bg7 4. e4 O-O 5. Be2 c6 6. Nf3 d5 7. e5 Ne8 8. h3
dxc4 9. Bxc4 Nc7 10. O-O Nd7 11. Re1 Nb6 12. Bf1 Nbd5 13. Bg5 f6 14. exf6 exf6
15. Bh4 Kh8 16. Bg3 Be6 17. Nd2 Bg8 18. Nc4 Qd7 19. Nd6 b6 20. Qd2 Ne8 21. Nc4
Ne7 22. f3 Nf5 23. Bf2 Rd8 24. Rad1 Nc7 25. b4 Nd6 26. Nxd6 Qxd6 27. b5 f5 28.
bxc6 Qxc6 29. Rc1 Qd6 30. Red1 Nd5 31. Nxd5 Bxd5 32. Bc4 Rf7 33. Bxd5 Qxd5 34.
Qe2 Bf6 35. Qc4 Qxc4 36. Rxc4 Rfd7 37. Ra4 Rc8 38. d5 Kg8 39. Bg3 Kf7 40. Rd2
a5 41. Ra3 b5 42. Rad3 b4 43. Kf1 a4 44. Ke2 Rc1 45. Rd1 Rxd1 46. Kxd1 b3 47.
axb3 a3 48. Rd2 Bc3 49. Ra2 Rxd5+ 50. Kc1 Bb2+ 51. Kc2 Rc5+ 52. Kd2 Ke6 53. Bf2
Rc8 54. b4 Kd5 55. Kd3 Rc3+ 56. Kd2 Kc4 57. b5 Kb3 58. Bd4 Rc8 0-1

[Event "Elit(Stockholms SS-Malmo)"]
[Site "?"]
[Date "2018.03.17"]
[Round "8"]
[White "Seo, Jung Min"]
[Black "Bejtovic, Jasmin"]
[Result "1-0"]
[WhiteElo "2366"]
[BlackElo "2356"]
[PlyCount "125"]
1. d4 Nf6 2. c4 g6 3. Nc3 Bg7 4. e4 d6 5. f3 O-O 6. Be3 a6 7. Bd3 Nbd7 8. Nge2
c5 9. O-O b6 10. Qd2 cxd4 11. Nxd4 Bb7 12. Rac1 Rc8 13. b3 Re8 14. Rfd1 e6 15.
Bf1 Qe7 16. Bf2 h5 17. Nde2 Bf8 18. Re1 Qd8 19. Nf4 Qc7 20. Nd3 Qb8 21. Kh1
Rcd8 22. Bg3 Ne5 23. Qc2 Be7 24. h3 Kg7 25. Rcd1 h4 26. Bh2 Nh5 27. f4 Nxd3 28.
Qxd3 Bf6 29. Be2 Rh8 30. Bxh5 Rxh5 31. Ne2 Qa8 32. Nd4 b5 33. cxb5 axb5 34.
Nxb5 Qxa2 35. Nxd6 Rc5 36. Rd2 Qa8 37. e5 Be7 38. Qe3 Bxd6 39. exd6 Rf5 40.
Qd4+ Kg8 41. Re5 Qa6 42. Rxf5 gxf5 43. Bg1 Qf1 44. Qf6 Rd7 45. Qg5+ Kf8 46.
Qh6+ Kg8 47. Qxh4 Bc6 48. Qg5+ Kh7 49. Qh4+ Kg8 50. Qg3+ Kh7 51. Rd3 f6 52.
Qh4+ Kg8 53. Rg3+ Rg7 54. Rxg7+ Kxg7 55. Qg3+ Kf7 56. Kh2 Qe2 57. b4 Qe4 58.
Bc5 Qe2 59. Qf2 Qh5 60. Qd2 Ke8 61. d7+ Bxd7 62. Qd6 Kd8 63. Qb8+ 1-0

[Event "Elit(Farsta-Upsala)"]
[Site "?"]
[Date "2018.03.17"]
[Round "8"]
[White "Ernst, Thomas"]
[Black "Cardenas, William"]
[Result "1-0"]
[WhiteElo "2380"]
[BlackElo "2094"]
[PlyCount "83"]
1. e4 c6 2. d4 d5 3. exd5 cxd5 4. c4 Nf6 5. Nc3 Nc6 6. Nf3 Bg4 7. cxd5 Nxd5 8.
Qb3 Bxf3 9. gxf3 e6 10. Qxb7 Nxd4 11. Bb5+ Nxb5 12. Qc6+ Ke7 13. Qc5+ Qd6 14.
Nxd5+ exd5 15. Qxb5 Qd7 16. Qe2+ Qe6 17. Be3 Rc8 18. Bxa7 Qxe2+ 19. Kxe2 Rc2+
20. Kd3 Rxb2 21. Rhb1 Rxb1 22. Rxb1 Kd6 23. Rb8 f6 24. a4 g6 25. a5 Bg7 26. a6
Rxb8 27. Bxb8+ Kc6 28. a7 Kb7 29. Kd4 f5+ 30. Kxd5 Bc3 31. Be5 Be1 32. Bd4 Ba5
33. Ke6 Bc7 34. h3 Bd8 35. Kf7 g5 36. Ke6 f4 37. Kf7 h5 38. Kg6 h4 39. Kf5 Be7
40. Bf6 Bc5 41. Bxg5 Bxf2 42. Kxf4 1-0

[Event "Elit(LASK-Team Viking)"]
[Site "?"]
[Date "2018.03.17"]
[Round "8"]
[White "Pantzar, Milton"]
[Black "Lundberg, David"]
[Result "1-0"]
[WhiteElo "2268"]
[BlackElo "2208"]
[PlyCount "99"]
1. c4 c5 2. Nf3 Nf6 3. Nc3 e6 4. e3 Be7 5. d4 cxd4 6. exd4 O-O 7. Bd3 d5 8. c5
Nc6 9. a3 a5 10. Na4 Nd7 11. O-O g6 12. Bf4 Bf6 13. Bb5 Re8 14. Re1 Bg7 15. Bd6
f6 16. Qd2 Na7 17. Bxd7 Bxd7 18. Nb6 Nc8 19. Nxa8 Nxd6 20. cxd6 Qxa8 21. Rac1
Bc6 22. Rc5 a4 23. Rc3 Qd8 24. Qf4 Bf8 25. Qg4 Qxd6 26. h4 Bg7 27. h5 g5 28.
Nh4 h6 29. Ng6 f5 30. Qd1 g4 31. Ne5 Bxe5 32. Rxe5 Qe7 33. Rce3 Qf7 34. Qe2 Bd7
35. Rc3 Bc6 36. f3 gxf3 37. Rxf3 Kh7 38. Rg3 Bd7 39. Rg6 Rg8 40. Rxg8 Kxg8 41.
Re3 Qf6 42. Qf2 Be8 43. Qf4 Bxh5 44. Rh3 Bg6 45. Rxh6 Kg7 46. Rh3 Be8 47. Kf2
Bc6 48. Qh4 Qxh4+ 49. Rxh4 Kf6 50. Rh6+ 1-0

[Event "Elit(Stockholms SS-Malmo)"]
[Site "?"]
[Date "2018.03.17"]
[Round "8"]
[White "Carlsson, Pontus"]
[Black "Lindh, Stefan"]
[Result "1-0"]
[WhiteElo "2450"]
[BlackElo "1954"]
[PlyCount "41"]
1. e4 c5 2. Nf3 Nc6 3. Bb5 g6 4. Bxc6 bxc6 5. O-O Bg7 6. Re1 e6 7. e5 d5 8. d3
Ne7 9. c4 O-O 10. Nc3 Nf5 11. Bg5 f6 12. exf6 Bxf6 13. Bxf6 Qxf6 14. Qd2 dxc4
15. Ne4 Qe7 16. dxc4 Rd8 17. Qc3 Nd4 18. Ne5 Rf8 19. b4 Qh4 20. bxc5 Nf5 21.
Rad1 1-0

[Event "Elit(Farsta-Upsala)"]
[Site "?"]
[Date "2018.03.17"]
[Round "8"]
[White "Svensson, Mans"]
[Black "Namini, Armin"]
[Result "1/2-1/2"]
[WhiteElo "2156"]
[BlackElo "2191"]
[PlyCount "115"]
1. d4 Nf6 2. c4 g6 3. f3 Bg7 4. e4 d6 5. Nc3 O-O 6. Bg5 c5 7. d5 e6 8. Qd2 exd5
9. cxd5 a6 10. a4 h6 11. Be3 h5 12. Nge2 Nbd7 13. Nc1 Rb8 14. Be2 Nh7 15. O-O
f5 16. Nd3 Qf6 17. a5 Re8 18. Kh1 Qf7 19. Nf2 Qe7 20. Bh6 Bd4 21. Be3 Bh8 22.
Na4 b5 23. axb6 Nxb6 24. Nc3 Nf6 25. Bg5 Qf7 26. Bf4 Qf8 27. Bd3 Nfd7 28. exf5
gxf5 29. Rae1 Ne5 30. Bxe5 dxe5 31. Qg5+ Bg7 32. Qxh5 c4 33. Bb1 Bd7 34. g4 Qf7
35. Qxf7+ Kxf7 36. gxf5 Na4 37. Nfe4 Rh8 38. Nxa4 Bxa4 39. Rf2 Bh6 40. Nc5 Be8
41. Ba2 Bb5 42. Ne6 Kf6 43. Rg2 Rbg8 44. Reg1 Rxg2 45. Rxg2 Kxf5 46. Bb1+ Kf6
47. Rg6+ Ke7 48. Ng7 Kf7 49. Ne6 Ke7 50. Ng5 Bd7 51. Be4 Bxg5 52. Rxg5 Rb8 53.
Rg7+ Kd6 54. h4 Rh8 55. Bh7 Be8 56. Kg2 Kxd5 57. Bg8+ Kc5 58. Rg4 1/2-1/2

[Event "Elit(LASK-Team Viking)"]
[Site "?"]
[Date "2018.03.17"]
[Round "8"]
[White "Mauritsson, Sebastian"]
[Black "Cramling, Dan"]
[Result "1-0"]
[WhiteElo "2330"]
[BlackElo "2364"]
[PlyCount "95"]
1. e4 d6 2. d4 Nf6 3. Nc3 g6 4. Be3 c6 5. f3 Nbd7 6. Qd2 b5 7. g4 Nb6 8. h4 h5
9. g5 Nfd7 10. d5 Ne5 11. dxc6 Nbc4 12. c7 Qxc7 13. Nd5 Qb7 14. Bxc4 Nxc4 15.
Qc3 Rg8 16. Bd4 Be6 17. O-O-O Rc8 18. Qb3 Na5 19. Qe3 Bxd5 20. exd5 Qxd5 21. b3
Qf5 22. Rh2 Nc6 23. Ne2 Nb4 24. Nc3 e5 25. Re2 Bg7 26. a3 Nc6 27. Nxb5 Qe6 28.
Bxa7 d5 29. Bc5 Bf8 30. Bxf8 Kxf8 31. Qc5+ Ne7 32. Qd6 Qxd6 33. Nxd6 Rd8 34.
Ne4 Nf5 35. Nf6 Rh8 36. Rxe5 Nxh4 37. Rdxd5 Rxd5 38. Rxd5 Nxf3 39. Rd8+ Kg7 40.
Rxh8 Nxg5 41. Rg8+ Kxf6 42. a4 Ne6 43. a5 g5 44. a6 g4 45. a7 Nc7 46. Kd2 Kf5
47. Ke3 h4 48. Rc8 1-0

[Event "Elit(Stockholms SS-Malmo)"]
[Site "?"]
[Date "2018.03.17"]
[Round "8"]
[White "Darnell, Anton"]
[Black "Agrest, Inna"]
[Result "0-1"]
[WhiteElo "2087"]
[BlackElo "2280"]
[PlyCount "140"]
1. e4 e5 2. Nf3 Nc6 3. Bb5 a6 4. Ba4 Nf6 5. O-O Bc5 6. d3 b5 7. Bb3 d6 8. a3
Bg4 9. c3 h6 10. h3 Bh5 11. Re1 O-O 12. Nbd2 Bb6 13. Nf1 Na5 14. Bc2 c5 15. Ng3
Bg6 16. d4 cxd4 17. cxd4 exd4 18. Nxd4 Rc8 19. Ndf5 Qc7 20. Bb1 Rfd8 21. Be3
Bxe3 22. Nxe3 Nc4 23. b3 Nxe3 24. Rxe3 d5 25. e5 Ne4 26. Nxe4 dxe4 27. Qe1 Qxe5
28. Bxe4 Bxe4 29. Rxe4 Qb2 30. a4 Qxb3 31. Rb4 Qd3 32. axb5 axb5 33. Rab1 Rc5
34. Qf1 Qxf1+ 35. Kxf1 Rdd5 36. R1b2 Kf8 37. h4 Ke7 38. g3 Kd6 39. Ke2 Kc6 40.
Rf4 Rf5 41. Rd4 Rfd5 42. Rf4 f5 43. Rfb4 Rc4 44. Rxc4+ bxc4 45. Rb8 Kc5 46. Rb7
g6 47. Rc7+ Kb4 48. Rc6 c3 49. Rxg6 c2 50. Rc6 Kb3 51. Rb6+ Ka2 52. Ra6+ Kb1
53. Rb6+ Kc1 54. Rxh6 Rd2+ 55. Ke1 Rd1+ 56. Ke2 Kb2 57. Rb6+ Ka3 58. Rc6 c1=Q
59. Rxc1 Rxc1 60. Ke3 Rc4 61. h5 Kb4 62. h6 Rc6 63. Kf4 Rxh6 64. Kxf5 Kc5 65.
g4 Kd6 66. g5 Rh2 67. f4 Rf2 68. g6 Ke7 69. Kg5 Rg2+ 70. Kf5 Rg1 0-1

[Event "Elit(Farsta-Upsala)"]
[Site "?"]
[Date "2018.03.17"]
[Round "8"]
[White "Backelin, Rikard"]
[Black "Cederberg, Karl Olof"]
[Result "1-0"]
[WhiteElo "2329"]
[BlackElo "2141"]
[PlyCount "77"]
1. d4 Nf6 2. g3 Nc6 3. Nf3 d6 4. Bg2 e5 5. dxe5 Nxe5 6. Nxe5 dxe5 7. Qxd8+ Kxd8
8. O-O Bf5 9. Bxb7 Rb8 10. Ba6 Bxc2 11. b3 Bc5 12. Na3 Bf5 13. Bb2 Nd7 14. Rac1
Rb6 15. Bc4 Ke7 16. Nb5 c6 17. Nc3 Bd6 18. Rfd1 f6 19. Na4 Rb7 20. Ba6 Rc7 21.
Kg2 Nb6 22. Nc5 Bc8 23. Bxc8 Rcxc8 24. Ne4 Bb8 25. Ba3+ Ke6 26. Bd6 Nd7 27. g4
Rhd8 28. Rd3 h6 29. Rcd1 Bxd6 30. Rxd6+ Ke7 31. Ng3 Rc7 32. Nf5+ Kf7 33. h4 g6
34. Nxh6+ Ke7 35. g5 Rdc8 36. Ng4 f5 37. Ne3 Rh8 38. Rxg6 Rxh4 39. Nxf5+ 1-0

[Event "Elit(Eksjo-Rockaden,Sthlm)"]
[Site "?"]
[Date "2018.03.17"]
[Round "8"]
[White "Blomqvist, Erik"]
[Black "Rasmussen, Allan Stig"]
[Result "1-0"]
[WhiteElo "2502"]
[BlackElo "2543"]
[PlyCount "85"]
1. e4 c6 2. d4 d5 3. exd5 cxd5 4. Nf3 Nf6 5. Ne5 g6 6. Bb5+ Nbd7 7. O-O Bg7 8.
c3 O-O 9. Nf3 Ne4 10. Bf4 Ndf6 11. h3 Nd6 12. Bd3 Nh5 13. Bh2 Bh6 14. Re1 Nf4
15. Bf1 f6 16. Na3 e6 17. Nc2 g5 18. Ne3 Rf7 19. h4 Bg7 20. hxg5 fxg5 21. Ne5
Rf8 22. g3 Ng6 23. Nxg6 hxg6 24. Ng4 Bd7 25. Bd3 Nf5 26. Qd2 Kf7 27. Ne5+ Bxe5
28. Rxe5 Qf6 29. f3 Rh8 30. g4 Rxh2 31. Qxh2 Rh8 32. Qf2 Nh4 33. f4 gxf4 34. g5
Qd8 35. Qxf4+ Nf5 36. Bxf5 gxf5 37. Re2 Rh5 38. Rg2 Kg6 39. Kf2 Qb6 40. b3 Qd8
41. Rh2 Rxg5 42. Rah1 Qf8 43. Rh8 1-0

[Event "Elit(Limhamn-Kungstornet)"]
[Site "?"]
[Date "2018.03.17"]
[Round "8"]
[White "Aronsson, Marten"]
[Black "Johansson, Linus"]
[Result "0-1"]
[WhiteElo "2312"]
[BlackElo "2452"]
[PlyCount "64"]
[EventDate "2018.??.??"]
1. d4 Nf6 2. Nf3 e6 3. g3 b6 4. Bg2 Bb7 5. O-O Be7 6. c4 O-O 7. Re1 Na6 8. Bf4
Bb4 9. Nbd2 Nh5 10. Bg5 f6 11. Be3 f5 12. Bg5 Qe8 13. a3 Bxd2 14. Bxd2 d6 15.
b4 Rd8 16. d5 e5 17. e4 f4 18. Ng5 Bc8 19. Bf3 Qe7 20. Nxh7 Kxh7 21. Bxh5 Qf6
22. Qf3 g5 23. h3 Nb8 24. Bg4 Bxg4 25. hxg4 Kg7 26. Kg2 Qg6 27. a4 Nd7 28. a5
Ra8 29. Ra3 Nf6 30. Qe2 Rh8 31. axb6 Qh7 32. Rxa7 Qh3+ 0-1

[Event "Elit(Eksjo-Rockaden,Sthlm)"]
[Site "?"]
[Date "2018.03.17"]
[Round "8"]
[White "Schussler, Harry"]
[Black "Hammer, Jon Ludvig"]
[Result "0-1"]
[WhiteElo "2419"]
[BlackElo "2621"]
[PlyCount "56"]
1. d4 Nf6 2. Nf3 d5 3. c4 e6 4. Nc3 Bb4 5. Bd2 O-O 6. e3 b6 7. cxd5 exd5 8. Bd3
Bb7 9. O-O Be7 10. Ne5 c5 11. f4 Nc6 12. Qf3 cxd4 13. Nxc6 Bxc6 14. exd4 Ne4
15. Be3 f5 16. Bxe4 fxe4 17. Qh3 Qc8 18. f5 Qd7 19. g4 Rac8 20. Rf2 Bb7 21. Ne2
Rc2 22. Nf4 Rxf2 23. Bxf2 Rc8 24. Ne6 Rc2 25. g5 Bc8 26. Be3 Bd6 27. g6 hxg6
28. Ng5 Rxh2 0-1

[Event "Elit(Limhamn-Kungstornet)"]
[Site "?"]
[Date "2018.03.17"]
[Round "8"]
[White "Schneider, Stefan"]
[Black "Lyrberg, Patrik"]
[Result "1-0"]
[WhiteElo "2401"]
[BlackElo "2457"]
[PlyCount "63"]
1. d4 e6 2. c4 Nf6 3. Nf3 c5 4. d5 exd5 5. cxd5 g6 6. Nc3 d6 7. Bf4 a6 8. Nd2
b5 9. a4 b4 10. Nce4 Nxe4 11. Nxe4 Be7 12. Bh6 g5 13. e3 Nd7 14. Bd3 Ne5 15.
Be2 Rg8 16. O-O f5 17. Bh5+ Ng6 18. Ng3 Bf6 19. Qc2 Qe7 20. Nxf5 Qe5 21. e4 Kd8
22. Rab1 Ra7 23. Bxg6 b3 24. Qe2 Rxg6 25. f4 Qe8 26. fxg5 Bxf5 27. Rxf5 Bd4+
28. Kh1 Qxa4 29. Rf8+ Kc7 30. Qf1 Rb7 31. Ra8 Kb6 32. Ra1 1-0

[Event "Elit(Eksjo-Rockaden,Sthlm)"]
[Site "?"]
[Date "2018.03.17"]
[Round "8"]
[White "Neiksans, Arturs"]
[Black "Gdanski, Jacek"]
[Result "1/2-1/2"]
[WhiteElo "2582"]
[BlackElo "2458"]
[PlyCount "62"]
1. Nf3 Nf6 2. c4 c5 3. Nc3 g6 4. d4 cxd4 5. Nxd4 Nc6 6. e4 d6 7. Be2 Nxd4 8.
Qxd4 Bg7 9. Be3 O-O 10. Qd2 Be6 11. O-O a6 12. f3 Qa5 13. Rab1 Rfc8 14. b4 Qd8
15. Na4 Nd7 16. c5 a5 17. cxd6 axb4 18. Bb5 exd6 19. Bxd7 Bc3 20. Nxc3 bxc3 21.
Qxd6 Qxd7 22. Qe5 Qc7 23. Qf6 Qd8 24. Qxd8+ Rxd8 25. Rfc1 Rxa2 26. Rxc3 b5 27.
Bg5 f6 28. Be3 Bc4 29. h4 Kf7 30. Rbc1 Ke6 31. R3c2 Rxc2 1/2-1/2

[Event "Elit(Limhamn-Kungstornet)"]
[Site "?"]
[Date "2018.03.17"]
[Round "8"]
[White "Henriksson, Johan"]
[Black "Lindgren, Philip"]
[Result "0-1"]
[WhiteElo "2288"]
[BlackElo "2399"]
[PlyCount "64"]
1. d4 d5 2. Nf3 Nf6 3. c4 c6 4. Nc3 e6 5. g3 dxc4 6. Bg2 Nbd7 7. O-O Be7 8. a4
O-O 9. Nd2 e5 10. Nxc4 exd4 11. Qxd4 Nb6 12. Qxd8 Rxd8 13. Ne5 Bd6 14. a5 Nbd5
15. Nc4 Bb4 16. Nxd5 Nxd5 17. a6 bxa6 18. Na5 Bd7 19. Rd1 Be8 20. Nc4 Nb6 21.
Ne3 a5 22. Be4 Rab8 23. b3 Bc3 24. Ra2 Bb4 25. Ba3 Rxd1+ 26. Nxd1 Nd5 27. Bxb4
Rxb4 28. Bc2 Rb5 29. Ra3 Rc5 30. e4 Rxc2 31. exd5 Rc1 32. dxc6 Bxc6 0-1

[Event "Elit(Eksjo-Rockaden,Sthlm)"]
[Site "?"]
[Date "2018.03.17"]
[Round "8"]
[White "Ornstein, Axel"]
[Black "Wiedenkeller, Michael"]
[Result "0-1"]
[WhiteElo "2342"]
[BlackElo "2470"]
[PlyCount "116"]
1. d4 Nf6 2. c4 e6 3. Nc3 Bb4 4. e3 O-O 5. Bd3 d5 6. Nge2 dxc4 7. Bxc4 c5 8. a3
Bxc3+ 9. bxc3 Qc7 10. Ba2 Nc6 11. O-O Rd8 12. Bb2 e5 13. Qc2 b6 14. Rfd1 Ba6
15. d5 Ne7 16. c4 Ng6 17. Ng3 Ne8 18. Qc3 f6 19. Nf5 Nd6 20. Nxd6 Qxd6 21. a4
Bc8 22. a5 Bd7 23. Bb1 Ne7 24. Bd3 Bf5 25. e4 Bd7 26. Ra2 Rab8 27. axb6 axb6
28. Rda1 Nc8 29. f4 Re8 30. Re1 Qc7 31. fxe5 fxe5 32. Rea1 Nd6 33. Ra7 Rb7 34.
Ra8 Nf7 35. Rxe8+ Bxe8 36. Be2 Bd7 37. Rf1 Qd6 38. Qg3 Bc8 39. h4 Re7 40. Bh5
g6 41. Be2 Bd7 42. Bc1 Kg7 43. h5 Re8 44. Qh4 Rb8 45. Rf6 Qxf6 46. h6+ Nxh6 47.
Bxh6+ Kf7 48. Bg5 Qg7 49. Qf2+ Kg8 50. Bf6 Qf7 51. Bxe5 Re8 52. Qxf7+ Kxf7 53.
Bc7 Rxe4 54. Bf1 b5 55. cxb5 Rb4 56. b6 c4 57. Kf2 c3 58. Ke3 Bf5 0-1

[Event "Elit(Limhamn-Kungstornet)"]
[Site "?"]
[Date "2018.03.17"]
[Round "8"]
[White "Brynell, Stellan"]
[Black "von Bahr, Oskar"]
[Result "1-0"]
[WhiteElo "2418"]
[BlackElo "2420"]
[PlyCount "87"]
1. Nf3 Nf6 2. c4 c5 3. g3 Nc6 4. Bg2 d5 5. cxd5 Nxd5 6. O-O e5 7. Nc3 Be6 8.
Ng5 Qxg5 9. Bxd5 Bxd5 10. Nxd5 Qd8 11. e4 Bd6 12. d3 O-O 13. Qg4 Kh8 14. Bg5 f6
15. Be3 b6 16. a3 Ne7 17. Qe6 Nxd5 18. Qxd5 Qe7 19. a4 Rad8 20. a5 Bb8 21. Qb3
Rd6 22. axb6 axb6 23. Ra6 Bc7 24. Rfa1 Rfd8 25. Ra7 Qd7 26. R1a3 Qc6 27. Qc4
Bb8 28. Ra8 Qd7 29. Kg2 h5 30. h4 Kh7 31. Qc2 Kg6 32. Qb3 Qc6 33. Qc4 Qd7 34.
Kh2 Kh7 35. R8a6 Kg6 36. Rb3 Bc7 37. Ra7 Qc6 38. Rba3 R8d7 39. Ra8 Rd8 40. Rxd8
Bxd8 41. Qg8 Qd7 42. f4 f5 43. fxe5 Re6 44. Ra7 1-0